000 00565cam a2200145 4500500
005 20251228082954.0
041 _afre
042 _adc
100 1 0 _aLemoine, Mathieu
_eauthor
245 0 0 _aDupleix, Aristarque et Philotime : une polémique à trois voix ou comment le maréchal de Bassompierre conçoit le métier d'historien
260 _c2008.
500 _a3
786 0 _nDix-septième siècle | 239 | 2 | 2008-07-07 | p. 195-221 | 0012-4273
856 4 1 _uhttps://shs.cairn.info/revue-dix-septieme-siecle-2008-2-page-195?lang=fr&redirect-ssocas=7080
999 _c1600262
_d1600262